000
00306nam a22001337a 4500
008
181011b xxu||||| |||| 00| 0 eng d
020
_a
9780766831841
041
_a
eng
080
_a
621
100
_a
27
101
_a
MEK
245
_a
Fundamentals of Electronics AC Circuits
_c
Terrell
942
_2
udc
_c
BK
999
_c
49409
_d
49409